Estadísticas para Países Fusionados #6

Haz click aquí para intentar la prueba.

Estadísticas generales

  • Esta prueba ha sido intentada 44 veces
  • La puntuación promedio es 17 de 20

Respuestas en el mapa

Las respuestas están codificadas por una escala verde-roja en el mapa de la prueba según el % correcto abajo.
 

Estadísticas de respuestas

Merged Countries% Correcto
Rusia
95%
Guyana
92%
Honduras
92%
Nicaragua
92%
Sudán del Sur
92%
Venezuela
92%
Finlandia
89%
República Centroafricana
89%
China
86%
India
84%
Kirguistán
84%
Myanmar
84%
Siria
78%
Turquía
78%
Benín
76%
Nigeria
76%
Eslovaquia
70%
Hungría
70%
Afganistán
68%
Turkmenistán
68%

Distribución de puntuación

Porcentaje por número respondido

Porcentaje de gente con cada puntuación

Historial de tus puntuaciones

No has intentado esta prueba.